Peintures des indes : mythol9ogies et legendes /
Guardado en:
| Autor Principal: | |
|---|---|
| Formato: | Libro |
| Publicado: |
Bruselas :
,
1976
|
| Materias: | |
| Etiquetas: |
Agregar Etiqueta
Sin Etiquetas, Sea el primero en etiquetar este registro!
|
| LEADER | 00485nam a22001695a 4500 | ||
|---|---|---|---|
| 001 | EHU.bham024031 | ||
| 003 | AR-BHAM | ||
| 005 | 20130507114123.0 | ||
| 008 | 130507s1976##################000#0#####d | ||
| 082 | 7 | 5 | |a 755.9 |
| 100 | 1 | |a Neven, Armand | |
| 245 | 1 | 0 | |a Peintures des indes : |b mythol9ogies et legendes / |c Armand Neven |
| 260 | |a Bruselas : |b , |c 1976 | ||
| 300 | |a 136 p. | ||
| 653 | |a Pintura india | ||
| 653 | |a Cultura india | ||
| 859 | |a AR-BHAM |b BIB. HUMANIDADES - General |h 755.9 |i N414 |p 568.01 |t Ej.1 | ||
